| 000 | 00524nam a22001817a 4500 | ||
|---|---|---|---|
| 003 | CEME | ||
| 005 | 20210628204150.0 | ||
| 008 | 210104b xxu||||| |||| 00| 0 eng d | ||
| 020 | _a0201503956 | ||
| 040 | _cceme | ||
| 082 | _a006.3 HER | ||
| 100 |
_aHertz, John, Krogh, Anders, Palmer, Richard.G _969060 |
||
| 245 | _aIntroduction to the theory of neural computation | ||
| 260 |
_aNEW YORK _bADDISON WESLEY PUBLISHER _c1991 |
||
| 300 | _aXXII,327P | ||
| 650 |
_aTHEORY OF NEURAL COMPUTATION. _969061 |
||
| 942 |
_cBK _2ddc |
||
| 999 |
_c576473 _d576473 |
||